| 000 | 01792nam a22002897a 4500 | ||
|---|---|---|---|
| 001 | 3632 | ||
| 003 | FISKH | ||
| 005 | 20250530113530.0 | ||
| 008 | 240401b cb ||||| |||| 00| 0 eng d | ||
| 020 | _a9789995054663 | ||
| 040 |
_aFISKH _bkhr _cFISKH _dFISKH |
||
| 050 | _aPZ7 | ||
| 082 | _a920 | ||
| 100 | _aLabbé, Brigitte. | ||
| 245 |
_aខ្ញុំចង់ដឹងជីវិតរបស់... គន្ធី / _cនិពន្ធដោយ Brigitte Labbé និង Michel Puech រូបភាពដោយ Jean-Pierre Joblin. |
||
| 260 |
_aPhnom Penh : _bSipar, _c2007. |
||
| 300 |
_a44 pages : _bcolor illustrations ; _c20 cm |
||
| 500 | _aច្បាប់ដើមបានត្រូវបោះពុម្ពផ្សាយក្រោមចំណងជើងថា Gandhi c 2006 Édition Milan | ||
| 520 | _aជនជាតិឥណ្ឌាហៅគាត់ថាមហាត្មៈ ដែលមានន័យថាវិញ្ញាណដ៍ឧត្ដម។ គាត់បានបង្ហាញដល់មនុស្សរាល់រូប នូវអំណាចនៃកំលាំងខាងក្នុងខ្លួនរបស់មនុស្សម្នាក់ៗ នោះជាកំលាំងអហិង្សាមួយដេលអាចផ្លាស់ប្ដូរពិភពលោក។ | ||
| 520 | _aThe Indians call him Mahatma, which means the Supreme Spirit. He showed everyone the power of each person's inner strength, a non-violent force that can change the world. | ||
| 650 |
_aអហិង្សា _xមហាត្មៈ |
||
| 650 |
_aNon-violence _xMahatma Gandhi |
||
| 700 |
_aPuech, Michel _eAuthor |
||
| 700 |
_aJoblin, Jean-Pierre _eillustrator |
||
| 942 |
_2ddc _cKHB _n0 |
||
| 999 |
_c3632 _d3632 |
||